Introducción a la psicología

Furkejuvvon:
Bibliográfalaš dieđut
Váldodahkki: Morris, Charles G. (autor)
Materiálatiipa: Girji
Giella:espánnjágiella
Almmustuhtton: Ciudad de México Prentice Hall 1997
Preanttus:9a. ed
Fáttát:
Fáddágilkorat: Lasit fáddágilkoriid
Eai fáddágilkorat, Lasit vuosttaš fáddágilkora!

MARC

LEADER 00000nam a2200000 a 4500
001 UCO6057
003 CL-VaPUC
008 001006e19970000MX |||||||||||||||||spa|d
082 0 4 |a 150  |b MOR  |2 21 
100 |a Morris, Charles G.  |e autor  |9 499214 
245 1 0 |a Introducción a la psicología 
250 |a 9a. ed 
300 |a 464 p 
942 |c BK 
945 |d 20001006 00:00:00  |a vberengu 
260 |a Ciudad de México  |b Prentice Hall  |c 1997 
650 0 |a Cognición   |9 270347 
650 0 |a Inteligencia  |9 267038 
650 0 |a Memoria  |9 266549 
650 0 |a Motivación   |9 315362 
650 0 |a Percepción   |9 266750 
650 0 |a Personalidad   |9 307255 
650 0 |a Psicología   |9 257863 
583 |a last modification  |c 20001006 00:00:00  |k Rodrigo Vera 
999 |c 291849  |d 291847 
952 |0 0  |1 0  |4 0  |6 150_000000000000000_MOR_1997  |7 0  |8 A  |9 342097  |a BIBEDU  |b BIBEDU  |d 2019-11-20  |i 3652130  |l 3  |o 150 MOR 1997  |p 3652130  |r 2024-09-04  |s 2024-08-27  |w 2019-11-20  |y BK  |k PSI